000 00285nam a22001097a 4500
008 160702b xxu||||| |||| 00| 0 eng d
100 _91830
_a Geogre, A
245 _aWord Power Made Easy
260 _aNew Delhi
_bCommon Wealth
_c2004
300 _aWord Power Made Easy
942 _2ddc
_cBK
999 _c1534
_d1534